000 00384nam a22001577a 4500
020 _a9780007490622
082 _a823
_bTIL/S
100 _aTilly Bagshawe
245 _aSidney Sheldon's Angel of the dark/
_cTilly Bagshawe
260 _aLondon:
_bHarper,
_c2012.
300 _a389p.
650 _aNovel English
650 _aLiterature English
650 _aLiterature
942 _cBK
999 _c54788
_d54788